Lettres d'un combattant (août 1914-juillet 1916) / (Record no. 61131)

MARC details
000 -LEADER
campo de control de longitud fija 00583nam a2200181 i 4500
001 - NÚMERO DE CONTROL
campo de control 61131
003 - IDENTIFICADOR DE NÚMERO DE CONTROL
campo de control ES-MaACL
005 - FECHA Y HORA DE LA ÚLTIMA TRANSACCIÓN
campo de control 20230906164357.0
007 - CAMPO FIJO DE DESCRIPCIÓN FÍSICA--INFORMACIÓN GENERAL
campo de control de longitud fija t|
008 - DATOS DE LONGITUD FIJA--INFORMACIÓN GENERAL
campo de control de longitud fija 031110s1917 fr ||||1| fre d
100 1# - ENTRADA PRINCIPAL--NOMBRE DE PERSONA
Nombre de persona Eteve, Marcel.
9 (RLIN) 48282
245 10 - MENCIÓN DEL TÍTULO
Título Lettres d'un combattant (août 1914-juillet 1916) /
Mención de responsabilidad, etc. Lieutenant Marcel Etévé ; préface de Paul Dupuy.
260 ## - PUBLICACIÓN, DISTRIBUCIÓN, ETC.
Lugar de publicación, distribución, etc. ParisHachette,
Fecha de publicación, distribución, etc. 1917 (
Lugar de fabricación/manufactura Corbeil :
Fabricante Crété)
300 ## - DESCRIPCIÓN FÍSICA
Extensión X, 250 p. ;
Dimensiones 19 cm.
650 04 - PUNTO DE ACCESO ADICIONAL DE MATERIA--TÉRMINO DE MATERIA
Término de materia o nombre geográfico como elemento de entrada Guerra mundial, 1914-1918.
9 (RLIN) 13212
700 1# - ENTRADA AGREGADA--NOMBRE PERSONAL
Nombre de persona Dupuy, Paul (
Fechas asociadas al nombre 1856-1948)
9 (RLIN) 164371
852 ## - LOCALIZACIÓN
Ubicación ES-MaACL
Número de control de estantería F-5093
Holdings
Estatus retirado Estado de pérdida Estado de daño No para préstamo Biblioteca de origen Biblioteca actual Ubicación en estantería Fecha de adquisición Fuente de adquisición Total de préstamos Signatura topográfica completa Código de barras Visto por última vez Precio de reemplazo Tipo de ítem Koha
        Biblioteca del Ateneo de Madrid Biblioteca del Ateneo de Madrid Depósito 2 17/01/2008     F-5093 1064104 23/02/2023 23/02/2023 Libro impreso